| 000 | 01190cam a22003377a 4500 | ||
|---|---|---|---|
| 003 | CHAP | ||
| 005 | 20220817043226.0 | ||
| 008 | 971013s1988 r 00010 d | ||
| 010 | _a68993 | ||
| 011 | _a69965 | ||
| 035 | _a79443 | ||
| 040 | _cCHAP | ||
| 090 | _aFolleto 12290 | ||
| 100 | 0 | 0 |
_aChávez Galindo, Ana María. _922705 |
| 245 | 1 | 4 | _aLos cortadores de caña de azúcar en el estado de Morelos |
| 260 |
_aMéxico : _bUNAM. Centro Regional de Investigaciones Multidisciplinarias, _c1988 |
||
| 300 | _a[79] | ||
| 490 | 0 |
_aAportes de Investigación _v; 26 |
|
| 500 | _a32-143 | ||
| 590 |
_aBATCH-UPD _b10 _c20130110 _lUCH01 _h0609 |
||
| 590 |
_aBATCH-UPD _b10 _c20130410 _lUCH01 _h0251 |
||
| 590 |
_aBATCH-UPD _b10 _c20130914 _lUCH01 _h0836 |
||
| 590 |
_aCONVERSION _b10 _c20130109 _lUCH01 _h1338 |
||
| 650 | 1 | 4 |
_aCaña de azúcar _xTrabajadores _xMorelos. _918655 |
| 700 | 0 |
_aJiménez Guzmán, Lucero. _961542 |
|
| 710 | 0 | _aUniversidad Nacional Autónoma de México. Centro Regional de Investigaciones Multidisciplinarias. | |
| 830 | 0 |
_aAportes de Investigacion _v; 26 _96332 |
|
| 901 | _aBK | ||
| 942 | _cFOLL | ||
| 949 |
_aFolleto 12290 _bBC _cFOLL _d-32332 _eTS1 _i79443 _si _t300.00 |
||
| 999 |
_c68993 _d68993 |
||